| Tag |
First Indicator |
Second Indicator |
Subfields |
| LEADER |
00000cam a2200000 i 4500 |
| 001 |
in00000013145 |
| 005 |
20151007052332.0 |
| 008 |
800303s1975 maua j 00010 eng |
| 010 |
|
|
|a 80012460
|
| 020 |
|
|
|a 020108659X (pbk.) :
|c $4.95
|
| 035 |
|
|
|a (OCoLC)06143258
|
| 035 |
|
|
|9 AAA7356AM
|
| 040 |
|
|
|a DLC
|c DLC
|d m.c.
|d TXA
|d UtOrBLW
|
| 049 |
|
|
|a [Curr Col] TXAM
|c [1653970]
|
| 050 |
1 |
0 |
|a Q164
|b .W5 1980
|
| 050 |
|
4 |
|a Q163
|b .W492 1975
|
| 082 |
0 |
|
|a 507/.2
|
| 100 |
1 |
|
|a White, Laurence B.
|
| 245 |
1 |
0 |
|a Science toys & tricks /
|c Laurence B. White, Jr. ; drawings by Marc Tolon Brown.
|
| 264 |
|
1 |
|a Reading, Mass. :
|b Addison-Wesley,
|c [1975]
|
| 264 |
|
4 |
|c ©1975
|
| 300 |
|
|
|a 92 pages :
|b color illustrations ;
|c 21 cm.
|
| 336 |
|
|
|a text
|b txt
|2 rdacontent
|
| 337 |
|
|
|a unmediated
|b n
|2 rdamedia
|
| 338 |
|
|
|a volume
|b nc
|2 rdacarrier
|
| 500 |
|
|
|a Originally published as separate volumes entitled Science tricks and Science toys.
|
| 520 |
|
|
|a Directions for simple science tricks, experiments, and projects that demonstrate basic scientific principles.
|
| 650 |
|
0 |
|a Science
|x Experiments
|v Juvenile literature.
|
| 650 |
|
0 |
|a Scientific recreations
|v Juvenile literature.
|
| 700 |
1 |
|
|a Brown, Marc Tolon.
|
| 999 |
|
|
|a MARS
|
| 999 |
f |
f |
|s d706c01a-7f12-3887-bb66-50a04e2e29f0
|i d32f1274-98bc-36e0-aac7-989f3ff040aa
|t 0
|
| 952 |
f |
f |
|p normal
|a Texas A&M University
|b College Station
|c Sterling C. Evans Library
|d Evans: Curriculum Collection (4th floor)
|t 0
|e Q163 .W492 1975
|h Library of Congress classification
|i unmediated -- volume
|m A14800248061
|
| 998 |
f |
f |
|a Q163 .W492 1975
|t 0
|l Evans: Curriculum Collection (4th floor)
|